Every NFL Team’s Lowest Rated Player - Statistics

General Stats
  • This quiz has been taken 2 times
  • The average score is 7 of 32
Answer Stats
Team Rating Name % Correct
Dolphins 59 Caleb Johnson
100%
Rams 62 Keir Thomas
100%
Ravens 60 Keondre Jackson
100%
Packers 60 Lecitus Smith
100%
Commanders 56 Tyree Jackson
100%
Titans 54 Brandon Allen
50%
49ers 59 Curtis Robinson
50%
Vikings 54 Matt Nelson
50%
Bengals 61 Cam Grandy
0%
Chiefs 55 Chris Oladokun
0%
Buccaneers 57 Connor Bazelak
0%
Giants 62 Demetrius Flannigan-Fowles
0%
Lions 58 Ezekiel Turner
0%
Falcons 54 Feleipe Franks
0%
Texans 60 Graham Mertz
0%
Cowboys 63 Hakeem Adeniji
0%
Cardinals 57 Kedon Slovis
0%
Bills 62 Keleki Tatu
0%
Colts 62 Luke Tenuta
0%
Jaguars 61 Nick Mullens
0%
Panthers 62 Nick Samac
0%
Seahawks 57 Patrick O’Connell
0%
Browns 58 Rex Sunahara
0%
Steelers 54 Ryan McCollum
0%
Broncos 56 Sam Ehlinger
0%
Bears 57 Scott Daly
0%
Patriots 61 Tommy DeVito
0%
Chargers 59 Tucker Fisk
0%
Eagles 63 Willie Lampkin IV
0%
Raiders 59 Will Putnam
0%
Saints 59 Will Sherman
0%
Jets 58 Xavier Newman
0%
No matching quizzes found
Score Distribution
Percent of People with Each Score
Percentile by Number Answered
Your Score History
You have not taken this quiz